| 000 | 01013nam a2200241 a 4500 | ||
|---|---|---|---|
| 001 | 48659 | ||
| 003 | BD-RjUL | ||
| 005 | 20211209054549.0 | ||
| 008 | 160814s1982 bg ||||| |||| 00| f ben d | ||
| 020 | _c: Tk. 35.00 | ||
| 035 | _a(BD-RjUL)48778 | ||
| 040 |
_aBD-RjUL _bben _cBD-RjUL |
||
| 041 | _aben | ||
| 082 |
_223 _a823 _bHYH 1982 |
||
| 100 |
_a হ্যাগার্ড, এইচ. রাইডার _9146915 |
||
| 245 | 1 | 0 |
_aএইচ. রাইডার হ্যাগার্ডে'র ক্লিওপেট্রা / _cএইচ. রাইডার হ্যাগার্ড ; মোহাম্মদ নূরুদ্দিন অনূদিত |
| 260 |
_aঢাকা : _bবই মঞ্চ, _c১৯৮২ |
||
| 300 |
_a৩২৪ পৃ. _c১৯ সেমি |
||
| 650 |
_aইংরেজী উপন্যাস _9120370 |
||
| 650 |
_aEnglish Fiction _9146916 |
||
| 700 |
_aনূরুদ্দিন, মোহাম্মদ, অনূবাদক _9146917 |
||
| 942 |
_2ddc _cBK |
||
| 999 |
_c48659 _d48659 |
||